Nalaganje...

Hydrometeorological studies: SIDA assisted ground water project in Noyil, Ponnani and Amaravati river basins, Tamil Nadu and Kerala Report 2:1

Bibliografske podrobnosti
Glavni avtor: Akerman, Jonas
Format: Report
Izdano: Coimbatore Ministry of Agriculture and irrigation
LEADER 00557nam a22001337a 4500
003 OSt
999 |c 191574  |d 191574 
082 |a INDIA/AGRI&IRR/2:1 
100 |a Akerman, Jonas 
245 |a Hydrometeorological studies: SIDA assisted ground water project in Noyil, Ponnani and Amaravati river basins, Tamil Nadu and Kerala Report 2:1 
260 |a Coimbatore  |b Ministry of Agriculture and irrigation 
546 |a English 
942 |2 ddc  |c REP 
952 |0 0  |1 0  |2 ddc  |4 0  |6 INDIA_AGRIIRR_21  |7 0  |9 198058  |a KAUCLV  |b KAUCLV  |d 2019-08-14  |o INDIA/AGRI&IRR/2:1  |p 800307  |r 2019-08-14  |w 2019-08-14  |y REP